| 000 | 01035nam a22003017i 4500 | ||
|---|---|---|---|
| 003 | DO-SdBNP | ||
| 005 | 20240701132000.0 | ||
| 007 | ta | ||
| 008 | 210824b2019 dr ||||| |||| 00| 0 spa d | ||
| 020 | _a97899549132000 | ||
| 040 |
_aDO-SdBNP _bspa _cBNPHU _erda |
||
| 082 | 4 |
_aRD861.44 _bB862p _222 |
|
| 100 | 1 |
_aBrito, Loida, _979566 _eautora |
|
| 245 | 1 |
_aPoemas a mi amado Dios / _cLoida Brito vda. Maldonado ; prólogo Carlisle González Tapia ; edición Arturo Báez Marte |
|
| 250 | _aPrimera edición: abril 2019 | ||
| 264 |
_aSanto Domingo : _bCeforma ; _c2019. |
||
| 300 |
_a73 páginas ; _c21 cm. |
||
| 336 |
_2rdacontent _atexto _btxt |
||
| 337 |
_2rdamedia _ardacontent _btexto |
||
| 338 |
_2rdacarrier _avolumen _bnc |
||
| 590 | _aInventariado, 2021/ BT | ||
| 650 | 4 | _aPoesía dominicana | |
| 650 | 4 | _aLiteratura dominicana | |
| 700 | 1 |
_aGonzález Tapia, Carliste, _eprólogo _979567 |
|
| 700 | 1 |
_aBáez Marte, Arturo, _eedición _979568 |
|
| 910 | _aBtavárez/Validado. Control de calidad MFF | ||
| 942 |
_2ddc _cLBS1 |
||
| 999 |
_c50273 _d50273 |
||